| 000 | 00490nam a2200181 i 4500 | ||
|---|---|---|---|
| 001 | 97086 | ||
| 003 | ES-MaACL | ||
| 005 | 20250814090908.0 | ||
| 007 | t| | ||
| 008 | 050706s1965 sp ||||1| spa d | ||
| 110 | 2 |
_aPhilips Cinema (Madrid) _9171054 |
|
| 245 | 0 | 0 | _aManual de cine Philips. |
| 260 |
_aMadrid : _b[s.n.], _c1965 ( _fImp. T.P.A.) |
||
| 300 |
_a269 p. : _bil. ; _c15 cm. |
||
| 650 | 0 | 7 |
_aCinematografía _2embne _911038 |
| 852 |
_aES-MaACL _jC-28943 |
||
| 999 |
_c97086 _d97086 |
||